000 00529nam a2200193Ia 4500
003 OSt
005 20221007082711.0
006 a|||||r|||| 00| 0
007 ta
008 221006b |||||||| |||| 00| 0 eng d
024 _a23,389
037 _cDissertations
040 _aFLL
_cFLL
_beng
041 _2eng
_aeng
100 _aSharma Sanjay
245 0 _aVital instrument in boosting cutput and cordial reations through pluralism and cooperation.
942 _cDIS
_2CC
999 _c1167432
_d1167432